01184nam a22003017a 4500003000900000005001700009007000300026008004100029040003000070082003000100100006100130245005900191250002100250264006900271300002800340336002700368337003300395338002800428500007000456586004000526590002700566650002900593650003100622910004700653942001400700952015100714999001700865DO-SdBNP20250227073850.0ta091027s2000 dr r 000 0 spa d aDO-SdBNPbspacBNPHUerda 4aRD863.44bA347c, 20002221 aAlcántara Almánzar, Joséd1946-eautor4aut.9701813aLa carne estremecida /cJosé Alcántara Almánzar. acuarta edición 4aSanto Domingo :bEditora Fundación Cultural Dominicana,c2000. a154 páginas ;c20 cm. atextobtxt2rdacontent asin mediaciónbn2rdamedia avolumenbnc2rdacarrier aIncluye datos biográficos del autor en la solapa de la cubierta aPremio Nacional de cuento 1989-1990 aInventariado, 2020/ YL 4aCuentos dominicanos9176 4aLiteratura dominicana.967 aYLockward/Validado, Control de calidad MFF 2ddccLBS1 00102ddc51708PDaBNPHUbBNPHUcHDd2018-12-06eNieves L. Enuterio R.l0oBNPHU PD RD863.44 A347c 2000p2020-0566r2020-11-23w2020-11-23yLBS1 c49182d49182